00245nam a2200097Ia 4500008004100000082001400041100002200055245003500077260002000112600001500132241002s9999 xx 000 0 und d a190.9 HOF aHoffoling, Hevald 2aA History Of Modern Philosophy aNew York:c1955 aPhilosophy